• 首页
  • 本馆介绍
  • 公告通知
  • 最新文献
  • 馆藏检索
  • 电子资源
  • 读者导购
  • 参考咨询
  • 我的图书馆
  • 登录
  • 详细信息显示
  • 放入我的书架
  • 预约/预借图书
  • 作者相关作品
  • 分类相关作品
  • 丛书相关作品
  • 出版社相关作品

书目信息

  • 表格格式
  • 工作单格式
  • 卡片格式
题名:
中国古陶瓷研究中若干“悬案”的新证
    
 
作者: 熊寥 著
分册:  
出版信息: 上海   上海三联书店  2008.03
页数: 339页
开本: 21cm
丛书名:
单 册:
中图分类: K876.34
科图分类:
主题词: 古代陶瓷--研究--中国 , 古代陶瓷
电子资源:
ISBN: 978-7-5426-2662-2
000 01062nam0 2200241 450
001 012004236747
005 20130504094220.43
010    @a978-7-5426-2662-2@dCNY46.00
100    @a20080421d2008 em y0chiy0110 ea
101 0  @achi
102    @aCN@b310000
105    @aa z 000yy
106    @ar
200 1  @a中国古陶瓷研究中若干“悬案”的新证@9zhong guo gu tao ci yan jiu zhong ruo gan “ xuan an ” de xin zheng@f熊寥著
210    @a上海@c上海三联书店@d2008.03
215    @a339页@c图@d21cm
330    @a本书对中国古陶瓷研究中存在的若干有争议的历史问题,例如中国制陶的起源、中国陶器装饰艺术的起源、汉晋东瓯窑的属性、唐宋越窑的地理范围、景德镇杨梅亭和白虎湾古窑址出土瓷器的年代、元代景德镇浮梁瓷局与御土窑的存废等,特别是对近年陶瓷学界依旧存在争论的三大焦点问题——景德镇高岭土始开时间、景德镇二元制胎配方工艺和蒋祈《陶记》的著作时代,都作出了新的实事求是的解析和论证。
606 0  @a古代陶瓷@x研究@y中国
606 0  @a古代陶瓷
690    @aK876.34@v4
701  0 @a熊寥@9xiong liao@4著
801  0 @aCN@bNLC@c20080421
905    @b543060-64@dK876.34@e283@f5
    
    中国古陶瓷研究中若干“悬案”的新证/熊寥著.-上海:上海三联书店,2008.03
    339页:图;21cm
    
    
    ISBN 978-7-5426-2662-2:CNY46.00
    本书对中国古陶瓷研究中存在的若干有争议的历史问题,例如中国制陶的起源、中国陶器装饰艺术的起源、汉晋东瓯窑的属性、唐宋越窑的地理范围、景德镇杨梅亭和白虎湾古窑址出土瓷器的年代、元代景德镇浮梁瓷局与御土窑的存废等,特别是对近年陶瓷学界依旧存在争论的三大焦点问题——景德镇高岭土始开时间、景德镇二元制胎配方工艺和蒋祈《陶记》的著作时代,都作出了新的实事求是的解析和论证。
●
相关链接 在E读中查询图书 在五车中查询图书 在当当中查询图书 在豆瓣中查询图书


正题名:中国古陶瓷研究中若干"悬案"的新证     索取号:K876.34/283         预约/预借

序号 登录号 条形码 馆藏地/架位号 状态 备注
1 543060   205430602   第二样本阅览室/ [索取号:K876.34/283] 在馆    
2 543061   205430611   第二借阅区/ [索取号:K876.34/283] 在馆    
3 543062   205430620   第二借阅区/ [索取号:K876.34/283] 在馆    
4 543063   205430639   第二借阅区/ [索取号:K876.34/283] 在馆    
5 543064   205430648   资源管理系资料室/ [索取号:K876.34/283] 在馆    
唐山师范学院图书馆 欢迎您!
大连网信软件有限公司© 版权所有